000 00322nam a2200133Ia 4500
005 20260328104307.0
008 260328s9999||||xx |||||||||||||| ||und||
100 _aHasven, Mark
245 0 _aOut Of Season /
_cMark Hasven
260 _bBooth- clibborn Editions
300 _a222 p.
650 _aFOTOGRAFÍA
942 _cBK
999 _c10810
_d10810